| 000 | 00761cam a22002651 4500 | ||
|---|---|---|---|
| 001 | 6579719 | ||
| 003 | OSt | ||
| 005 | 20160224125210.0 | ||
| 008 | 720511s1964 nyuacd b 000 0 eng | ||
| 010 | _a 64010225 | ||
| 015 | _aGB64-13982 | ||
| 035 | _a(OCoLC)306158 | ||
| 040 |
_aDLC _cOKentU _dOCoLC _dUk _dDLC |
||
| 042 | _apremarc | ||
| 050 | 0 | 0 |
_aQ160 _b.M5 1964 |
| 082 | _a500 | ||
| 100 | 1 |
_aMiles, Vaden Willis, _d1911- |
|
| 245 | 1 | 0 |
_aCollege physical science _c[by] Vaden W. Miles [and others] |
| 260 |
_aNew York, _bHarper & Row _c[1964] |
||
| 300 |
_axv, 537 p. _billus., ports., charts, diagrs. _c25 cm. |
||
| 504 | _aIncludes bibliographies. | ||
| 650 | 0 | _aScience. | |
| 906 |
_a7 _bcbc _coclcrpl _du _encip _f19 _gy-gencatlg |
||
| 942 |
_2lcc _cGEN |
||
| 999 |
_c11435 _d11435 |
||